000 00406nam a2200145Ia 4500
008 200103s9999||||xx |||||||||||||| ||und||
020 _a9788120306653
040 _aIMU-MPC
082 _aColumn-26
100 _aStephanopoulos, George
245 0 _aChemical Process Control: An introduction to theory and Practice
260 _bPHI Learning Pvt. Ltd., New Delhi
_c2012
300 _axxi, 696
942 _cBK
999 _c7069
_d7069